000 00716nam a2200205Ia 4500
003 Ost
005 20260507075633.0
008 260507s9999||||xx |||||||||||||| ||und||
040 _cfsecg
041 _aara
082 _a332.12
100 _aعبد الحق، ابو عتروس
_eمؤلف
245 0 _aالوجيز في البنوك التجارية :
_bعمليات،تقنيات وتطبيقات /
_c ابو عتروس عبد الحق
260 _aقسنطينة:
_bجامعة الإخوة منتوري ,
_c2001
300 _a226 صفحة؛
_bإيضاحات ؛
_c24 سم
520 _aالبنوك التجارية
653 _aالبنوك
653 _aالبنوك التجارية
942 _cكتاب
999 _c45246
_d45246